[Event "LSS SE-2009-0-00034"]
[Site "LSS email"]
[Date "2009.12.02"]
[Round "?"]
[White "Babos, Istvan"]
[Black "Hueseyin, Oezoguz"]
[Result "1-0"]
[WhiteElo "1069"]
[BlackElo "1243"]
[PlyCount "27"]
[EventDate "2009.09.30"]
[EventType "tourn (corr)"]
[EventRounds "6"]
[EventCountry "GER"]
[SourceTitle "Corr 2013"]
[Source "ChessBase"]
[SourceDate "2012.11.12"]
[SourceVersion "1"]
[SourceVersionDate "2012.11.12"]
[SourceQuality "1"]
[WhiteTeam "US of America"]
[BlackTeam "US of America"]
[WhiteTeamCountry "USA"]
[BlackTeamCountry "USA"]

1. d4 Nf6 2. e3 d5 3. Nf3 c5 4. Bb5+ Bd7 5. Bxd7+ Nbxd7 6. 0-0 Rc8 7. c3 e6 8. Nbd2 Bd6 9. b3 cxd4 10. cxd4 0-0 11. Bb2 Qa5 12. b4 Qxb4 13. Qc2 Rxc2 14. Rab1 1-0

[Event "LSS RE-2009-0-00031"]
[Site "LSS email"]
[Date "2009.12.01"]
[Round "?"]
[White "Babos, Istvan"]
[Black "Hueseyin, Oezoguz"]
[Result "0-1"]
[WhiteElo "1221"]
[BlackElo "1382"]
[PlyCount "29"]
[EventDate "2009.09.05"]
[EventType "tourn (corr)"]
[EventRounds "6"]
[EventCountry "GER"]
[SourceTitle "Corr 2013"]
[Source "ChessBase"]
[SourceDate "2012.11.12"]
[SourceVersion "1"]
[SourceVersionDate "2012.11.12"]
[SourceQuality "1"]

1. d4 Nf6 2. e3 d5 3. Nf3 c5 4. dxc5 e6 5. Bb5+ Bd7 6. Nc3 Bxb5 7. a4 Bd7 8. b4 a5 9. Ba3 axb4 10. Bxb4 Na6 11. Qb1 Nxb4 12. Qxb4 Qa5 13. Qxb7 Qxc3+ 14. Nd2 Qxa1+ 15. Ke2 0-1

[Event "LSS ZI-2009-0-00582"]
[Site "LSS email"]
[Date "2009.11.30"]
[Round "?"]
[White "Nolf, Francky"]
[Black "Hueseyin, Oezoguz"]
[Result "0-1"]
[WhiteElo "1406"]
[BlackElo "1511"]
[PlyCount "52"]
[EventDate "2009.11.23"]
[EventType "match (corr)"]
[EventRounds "2"]
[EventCountry "GER"]
[SourceTitle "Telechess CBM 137"]
[Source "ChessBase"]
[SourceDate "2010.07.15"]
[SourceVersion "1"]
[SourceVersionDate "2010.07.15"]
[SourceQuality "1"]

1. d4 Nf6 2. Nf3 e6 3. e3 c5 4. Bd3 d5 5. b3 Nc6 6. 0-0 Be7 7. Bb2 cxd4 8. exd4 0-0 9. Nbd2 Nb4 10. Ne5 Nxd3 11. Nxd3 b6 12. Ne5 Bb7 13. Qf3 Qc7 14. Rac1 Rac8 15. Qh3 Nd7 16. Ndf3 Nxe5 17. Nxe5 Ba6 18. Rfe1 Bg5 19. Ba3 Bxc1 20. Bxf8 Bd2 21. Nxf7 Bxe1 22. Ng5 Bxf2+ 23. Kh1 h6 24. Qxe6+ Kh8 25. Nf7+ Kh7 26. Qf5+ Kg8 0-1

[Event "LSS OP-2007-0-00345"]
[Site "LSS email"]
[Date "2007.08.05"]
[Round "?"]
[White "Hueseyin, Oezoguz"]
[Black "Castillo, Ernesto"]
[Result "0-1"]
[WhiteElo "1382"]
[BlackElo "1994"]
[PlyCount "24"]
[EventDate "2007.08.03"]
[EventType "tourn (corr)"]
[EventRounds "4"]
[EventCountry "GER"]
[SourceTitle "Corr 2015"]
[Source "ChessBase"]
[SourceDate "2015.07.17"]
[SourceVersion "1"]
[SourceVersionDate "2015.07.17"]
[SourceQuality "1"]

1. e4 c5 2. Nf3 Nc6 3. Nc3 d6 4. d4 cxd4 5. Nxd4 Nf6 6. Bg5 e5 7. Bxf6 gxf6 8. Nf5 Bxf5 9. exf5 Bg7 10. Qg4 Rg8 11. Qh5 Qb6 12. Bc4 0-0-0 0-1

[Event "IECG OP.2007.0.00242 email"]
[Site "IECG email"]
[Date "2007.02.08"]
[Round "?"]
[White "De la Luz, Jose"]
[Black "Hueseyin, Oezoguz"]
[Result "0-1"]
[WhiteElo "800"]
[BlackElo "1800"]
[PlyCount "56"]
[EventDate "2007.02.08"]
[EventType "tourn (corr)"]
[EventRounds "6"]
[SourceTitle "Corr 2008"]
[Source "ChessBase"]
[SourceDate "2008.06.24"]
[SourceVersion "1"]
[SourceVersionDate "2008.06.24"]
[SourceQuality "1"]

1. c4 e5 2. Nc3 Nf6 3. Nf3 Nc6 4. d4 exd4 5. Nxd4 Bb4 6. Nxc6 bxc6 7. Bg5 h6 8. Bh4 c5 9. e3 Bb7 10. Rg1 Bxc3+ 11. bxc3 0-0 12. Be2 Qe7 13. Bf3 Rab8 14. Bxb7 Rxb7 15. Rb1 Rfb8 16. Rxb7 Rxb7 17. Bxf6 Qe4 18. Qxd7 Rb1+ 19. Ke2 Rb2+ 20. Qd2 Qxc4+ 21. Ke1 Rb1+ 22. Qd1 Qd3 23. Qxb1 Qxb1+ 24. Ke2 Qxg1 25. Be5 Qxg2 26. Bxc7 Qg4+ 27. Kf1 Qc4+ 28. Kg1 Qxa2 0-1

[Event "IECG SN.2007.0.00022 email"]
[Site "IECG email"]
[Date "2007.02.07"]
[Round "?"]
[White "Hueseyin, Oezoguz"]
[Black "Puleston, Tim O"]
[Result "1-0"]
[WhiteElo "1800"]
[BlackElo "1725"]
[PlyCount "47"]
[EventDate "2007.02.07"]
[EventType "tourn (corr)"]
[EventRounds "6"]
[SourceTitle "Corr 2008"]
[Source "ChessBase"]
[SourceDate "2008.06.24"]
[SourceVersion "1"]
[SourceVersionDate "2008.06.24"]
[SourceQuality "1"]

1. e4 c5 2. Nf3 d6 3. d4 cxd4 4. Nxd4 Nf6 5. Nc3 g6 6. Be3 Bg7 7. h3 0-0 8. Be2 Nc6 9. 0-0 a6 10. Qd2 b5 11. Nxc6 Qc7 12. e5 dxe5 13. Nb4 Bb7 14. Ncd5 Nxd5 15. Nxd5 Bxd5 16. Qxd5 Qxc2 17. Bf3 Qxb2 18. Rab1 Qa3 19. Bc5 Qa4 20. Bxe7 Rfe8 21. Rbc1 Qf4 22. g3 Qf5 23. Bg4 Qxg4 24. hxg4 1-0

[Event "IECG SN.2007.0.00022 email"]
[Site "IECG email"]
[Date "2007.02.07"]
[Round "?"]
[White "Hueseyin, Oezoguz"]
[Black "Taylor, Gregory"]
[Result "1-0"]
[WhiteElo "1800"]
[BlackElo "728"]
[PlyCount "53"]
[EventDate "2007.02.07"]
[EventType "tourn (corr)"]
[EventRounds "6"]
[SourceTitle "Corr 2008"]
[Source "ChessBase"]
[SourceDate "2008.06.24"]
[SourceVersion "1"]
[SourceVersionDate "2008.06.24"]
[SourceQuality "1"]

1. e4 e5 2. Nf3 Nc6 3. Bb5 a6 4. Ba4 Nf6 5. 0-0 Be7 6. d3 b5 7. Bb3 h6 8. Nc3 d6 9. h3 0-0 10. a3 Na5 11. Ba2 c5 12. Be3 c4 13. b3 Be6 14. bxc4 bxc4 15. d4 exd4 16. Bxd4 d5 17. exd5 Nxd5 18. Nxd5 Qxd5 19. Bc3 Bxa3 20. Bb1 Rfd8 21. Qxd5 Rxd5 22. Rxa3 Nc6 23. Ra4 Rb5 24. Ba2 Bd5 25. Bxc4 Rc5 26. Bxd5 Rxc3 27. Nd4 1-0